000 00390nam a2200157Ia 4500
008 221030s9999 xx 000 0 und d
020 _a8175153350
041 _aEnglish
082 _a105.23
_bSin
100 _aD. K. Singh
245 0 _aManufacturing Science & Engineering
_cby D. K. Singh
260 _bGalgotia Pub
_aNew Delhi
_c2002
300 _a499
650 _aGeneral
942 _cBK
999 _c8225
_d8225